000 00224nam a22000857a 4500
008 160712b xxu||||| |||| 00| 0 eng d
100 _92647
_a Clarke, A.C
245 _a3001 The Final Odyssey
260 _aLon
_b Harper Collins
_c1997
999 _c2300
_d2300